The Schwarz Lemma (Record no. 80345)

MARC details
000 -LEADER
fixed length control field 00698nam a2200169 a 4500
008 - FIXED-LENGTH DATA ELEMENTS--GENERAL INFORMATION
fixed length control field 120416s1989 ||||||||||||||||| || u
020 ## - INTERNATIONAL STANDARD BOOK NUMBER
International Standard Book Number 0198535716
050 ## - LIBRARY OF CONGRESS CALL NUMBER
Classification number QA 405 Din
100 ## - MAIN ENTRY--PERSONAL NAME
Personal name Dineen, Sean
245 14 - TITLE STATEMENT
Title The Schwarz Lemma
260 ## - PUBLICATION, DISTRIBUTION, ETC.
Place of publication, distribution, etc. Oxford:
Name of publisher, distributor, etc. Clarendon
Date of publication, distribution, etc. 1989
350 ## -
-- 0.00
650 ## - SUBJECT ADDED ENTRY--TOPICAL TERM
Topical term or geographic name entry element Subharmonic functions
650 #0 - SUBJECT ADDED ENTRY--TOPICAL TERM
Topical term or geographic name entry element MATHEMATICS--HANDBOOKS, MANUALS, ETC
995 ## -
-- ANNEX COLLECTION (Main Library)
-- 0.00
-- 731395
-- CBU-MAIN LIBRARY (Kitwe)
-- 1
-- 0.00
-- QA 405 Din
-- 1
-- AVAILABLE
-- 028663
-- Annex Low-Usage Collection
995 ## -
-- MAIN LIBRARY OPEN ACCESS
-- 0.00
-- 733468
-- CBU-MAIN LIBRARY (Kitwe)
-- 2
-- 0.00
-- QA 405 Din
-- 2
-- AVAILABLE
-- 45192
-- Main Library Open Access Collection
999 ## -
-- 80345
-- 80345
Holdings
Withdrawn status Lost status Source of classification or shelving scheme Damaged status Not for loan Permanent Location Current Location Shelving location Date acquired Total Checkouts Full call number Barcode Date last seen Copy number Price effective from Koha item type
          CBU-MAIN LIBRARY, KITWE. CBU-MAIN LIBRARY, KITWE.   06/29/2023   QA 405 Din 028663 06/29/2023 1 06/29/2023 MONOGRAPH
          CBU-MAIN LIBRARY, KITWE. CBU-MAIN LIBRARY, KITWE.   06/29/2023   QA 405 Din 45192 06/29/2023 2 06/29/2023 MONOGRAPH